00650nam a22002052 450000100060000000300080000600500170001400800410003103500190007204000320009104100080012308200230013110000340015424500620018825000120025026000600026230000350032250400520035765000350040912846BD-RjUL20211208235350.0140129s1951 nyuae b 001 0 eng d a(BD-RjUL)12896 aDLCcFQGdEQOdBD-RjULbeng aeng00a620.1122bSPC 19511 aSpeller, Frank Newman,d1875-10aCorrosion :bcauses and prevention /cby Frank N. Speller a3rd ed. aNew York and London :bMcGraw-Hill book company,c1951. axiii, 686 p. :bill. ;c24 cm. a"Selected bibliography": p. 629-655. and index. 0aCorrosion and anti-corrosives.